|
|
|
|
| LEADER |
01013nab a2200265 i 4500 |
| 001 |
tort585 |
| 005 |
20230117094146.0 |
| 008 |
230117s2023 hu o 0|| zxx d |
| 022 |
|
|
|a 0133-0500
|
| 040 |
|
|
|a PEREPO TORTENET
|b hun
|
| 041 |
|
|
|a zxx
|
| 245 |
0 |
0 |
|a Fiatal mérnököket várnak
|h [elektronikus dokumentum]
|
| 260 |
|
|
|a Zalai Hírlap Kiadói Bt.
|b Zalaegerszeg, Magyarország
|c 2023-01-14
|
| 300 |
|
|
|a 1-3
|
| 490 |
0 |
|
|a Zalai Hírlap
|v 79 No. 12
|
| 695 |
|
|
|a Pannon Egyetem Zalaegerszegi Egyetemi Központ - PE ZEK
|
| 695 |
|
|
|a sajtótájékoztató
|
| 695 |
|
|
|a évértékelő
|
| 695 |
|
|
|a Németh István dr.
|
| 695 |
|
|
|a Vigh László
|
| 695 |
|
|
|a ZalaZone Járműipari Tesztpálya
|
| 695 |
|
|
|a projektalapú oktatás
|
| 695 |
|
|
|a kollégium
|
| 700 |
0 |
1 |
|a Pezzetta Umberto
|
| 856 |
4 |
0 |
|u https://perepo-tortenet.uni-pannon.hu/id/eprint/585/1/2023-01-14_zalai_h%C3%ADrlap_Fiatal%20m%C3%A9rn%C3%B6k%C3%B6ket%20v%C3%A1rnak%20%2879.%20%C3%A9vf.%2012.%20sz.%2C%20p.%201.%2C%203.%29.pdf
|z Dokumentum-elérés
|